Guess the EPIC: The Musical song #2 - Statistics

General Stats
  • This quiz has been taken 153 times
  • The average score is 156 of 225
Answer Stats
Answer % Correct
I
97%
a
95%
the
91%
you
91%
You
91%
in
84%
and
83%
so
82%
are.
81%
can
81%
is,
81%
is...
81%
go
80%
go?
80%
No!
80%
No.
80%
of
80%
get
78%
Get
78%
water.
78%
water!
78%
will
77%
for
76%
this
76%
this.
76%
to
76%
been
75%
your
75%
all
74%
Ithaca
74%
my
74%
can't
73%
can't...
73%
I've
73%
our
73%
That
73%
There
73%
die.
72%
Die!
72%
or
72%
Or
72%
Wait...
72%
son
71%
waiting
71%
wife
71%
have
70%
I'll
70%
When
70%
when
70%
home?
69%
long
69%
high,
68%
how
68%
It's
68%
just
68%
Poseidon?
68%
years,
67%
drown.
66%
tide
66%
moment,
65%
Mercy
63%
raise
63%
Ruthlessness
63%
ten
63%
close
62%
don't
62%
make
62%
Odysseus
62%
upon...
62%
Aren't
61%
both
61%
could
61%
that's
61%
time
61%
got
60%
now
60%
ourselves!
60%
strike.
60%
tired,
60%
why
60%
you've
60%
Coward.
59%
perfect
58%
Please...
58%
reputation.
58%
collide.
57%
friend.
57%
I'm
57%
learn
57%
name
57%
not
57%
paths
57%
waves
57%
forgive.
56%
Stop
56%
tidal
56%
We're
56%
you're
56%
at
55%
choose
55%
eyes.
54%
his
54%
Maybe
54%
world
54%
Look
53%
reached
53%
tell
53%
unless
53%
enough.
52%
lived
52%
mistake
52%
more
52%
profound,
52%
than
52%
coast,
51%
cold.
51%
from
51%
relax,
51%
bluff.
48%
here
48%
home's
48%
oh,
48%
oh...
48%
take
48%
getting
47%
nervous-
47%
stay
47%
heart...
46%
letting
45%
lost
45%
uphold,
45%
we've
45%
else
44%
forgets
44%
gouge
44%
leave
44%
losses
41%
threats
40%
hurting
39%
walk
39%
learned-
30%
woah
18%
No matching quizzes found
Score Distribution
Percent of People with Each Score
Percentile by Number Answered
Your Score History
You have not taken this quiz